Представление документа в формате MARC21

ПолеНазваниеЗначение
  Тип записи a
  Библиографический уровень m
001 Контрольный номер BIBLIOCLUB\0000727086
005 Дата корректировки 20260430154907.7
006 m o d
007 Элементы данных для физической характеристики c|||||||||||||
008 Кодируемые данные s2025 rus o rus d
020 Индекс ISBN __
a ISBN 978-5-9729-2139-3
041 Код языка издания 0_
a Код языка текста rus
084 Индекс другой классификации/Индекс ББК __
a Индекс другой классификации/Индекс ББК 22.185.4я73
b Номер единицы LBC/PL
2 Источник индекса rubbk
100 Автор 1_
a Автор Верещага А. Н.
245 Заглавие 10
a Заглавие Методы инженерной оптимизации
b Продолж. заглавия учебник
c Ответственность А. Н. Верещага
260 Выходные данные __
a Место издания Москва, Вологда
b Издательство Инфра-Инженерия
c Дата издания 2025
300 Физическое описание __
a Объем 340 с.
b Иллюстрации/ тип воспроизводства ил., табл.
653 Ключевые слова 1_
a Ключевые слова Учебник для высшей школы
856 Электронный адрес документа 40
3 Область применения данных поля Университетская библиотека ONLINE
u URL https://biblioclub.ru/index.php?page=book&id=727086
900 Электронные ресурсы __
a Имя электронного ресурса https://img.biblioclub.ru/sm_cover/b4dca3fc7fa958c837295f6f990d28e6d0bo85x0ei/cover.jpg